000 00445nam a2200169Ia 4500
008 090201s9999 xx 000 0 und d
010 _aKPL-21153
040 _bइंग्रजी
041 _aइंग्रजी
082 _a20037
_b21153
100 _adavid c. bromwell
245 _achina emerges
_cdavid c. bromwell
260 _c2004
_ba dragon book
300 _a196
_bमोठा
600 _achina emerges
942 _cBOOK
999 _c219839
_d219839